Datum a čas kvízu
26.5
Celkem bodů
Celkový počet nahraných bodů na tomto kvízu bez doplňovacích otázek.
4.
Pořadí na kvízu
Konečné umístění týmu na tomto kvízu.
Zaznamenané odpovědi
| # | Otázka | Odpověď | Body | Výsledky |
|---|---|---|---|---|
| 1. | Až v americké Atlantě skončily... | Benešovi | 1 | |
| 2. | Parlament jisté evropské země... | Spojené království Velké Británie a Severního Irska | 0 | |
| 3. | Minulé pondělí se vrátilo do e... | banán | 0 | |
| 4. | Autobusový dopravce Flixbus po... | Eurolines | 1 | |
| 5. | Slovenský výrobce minerální vo... | Deutschland, Deutschland über alles (Německo, Německo nade vše) | 0 | |
| 6. | Jelikož minulý týden uplynulo... | Polsko | 1 | |
| 7. | V celkem kolika státech EU (vč... | v sedmi státech | 0.5 | |
| 8. | Který ze států EU je naší zemi... | Rakousko | 0 | |
| 9. | Které tři státy EU mají nejmen... | Kypr, Lucembursko, Malta | 0 | |
| 10. | V roce 1986 rozšířily Evropská... | Španělsko a Portugalsko | 1 |